Vijaynagara Archaeological Exploration 1990-2000 (2 Parts) (Record no. 370936)

MARC details
000 -LEADER
fixed length control field 00557nam a2200181Ia 4500
005 - DATE AND TIME OF LATEST TRANSACTION
control field 20260514122855.0
008 - FIXED-LENGTH DATA ELEMENTS--GENERAL INFORMATION
fixed length control field 260514s9999 xx 000 0 und d
020 ## - INTERNATIONAL STANDARD BOOK NUMBER
International Standard Book Number 978-81-7304-646-8
041 ## - LANGUAGE CODE
Language code of text/sound track or separate title eng
082 ## - DEWEY DECIMAL CLASSIFICATION NUMBER
Classification number 954.8 FRI B2296
100 ## - MAIN ENTRY--PERSONAL NAME
Personal name Fritz John M
9 (RLIN) 217701
245 ## - TITLE STATEMENT
Title Vijaynagara Archaeological Exploration 1990-2000 (2 Parts)
260 ## - PUBLICATION, DISTRIBUTION, ETC. (IMPRINT)
Name of publisher, distributor, etc. Manohar Publishers & Distributors
Place of publication, distribution, etc. New Delhi
300 ## - PHYSICAL DESCRIPTION
Extent 422
500 ## - GENERAL NOTE
Keywords HT
650 ## - SUBJECT ADDED ENTRY--TOPICAL TERM
Topical term or geographic name as entry element Archaeology)—India—Hampi
9 (RLIN) 217747
650 ## - SUBJECT ADDED ENTRY--TOPICAL TERM
Topical term or geographic name as entry element Vijayanagara (Extinct city)—Antiquities
9 (RLIN) 217748
Holdings
Withdrawn status Lost status Damaged status Not for loan Collection code Home library Current library Date acquired Cost, normal purchase price Bill number Total Checkouts Full call number Barcode Date last seen Cost, replacement price Bill Date Koha item type Original Barcode
          Manilal Nanavati Vocational Training Institute Pune Manilal Nanavati Vocational Training Institute Pune 27/03/2026 4000.00 WORDI/2025/CRB/2631   954.8 FRI B2296 MNVT-BK-2296 14/05/2026 2800.00 20/03/2026 Books B2296